Statistics for Top Energy Producing Countries by Source

Click here to take the quiz!

General Stats

  • This quiz has been taken 87 times
  • The average score is 6 of 8

Answer Stats

SourceCountry% Correct
OilSaudi Arabia
91%
CoalChina
89%
NuclearUnited States
84%
GasRussia
79%
WindUnited States
71%
HydroChina
67%
GeothermalUnited States
67%
SolarGermany
47%

Score Distribution

Percentile by Number Answered

Percent of People with Each Score

Your Score History

You have not taken this quiz